Boeken van de katholieke Bijbel - Statistieken

Algemene statistieken
  • Deze quiz is 38 keer genomen
  • De gemiddelde score is 38 van 73
Antwoordstatistieken
Boek % Correct
Genesis
100%
Exodus
88%
Johannes
88%
Lucas
81%
Marcus
81%
Deuteronomium
75%
Job
75%
Matteüs
75%
1 Johannes
69%
1 Koningen
69%
2 Johannes
69%
2 Koningen
69%
3 Johannes
69%
Jeremia
69%
Leviticus
69%
Numeri
69%
Openbaring van Johannes
69%
Psalmen
69%
Ruth
69%
1 Kronieken
63%
1 Samuël
63%
2 Kronieken
63%
2 Samuël
63%
Ester
63%
Ezechiël
63%
Handelingen der Apostelen
63%
Hooglied
63%
Jesaja
63%
Judas
63%
Klaagliederen
63%
Spreuken
63%
Daniël
56%
Rechters
56%
Jona
56%
Prediker
56%
1 Makkabeeën
50%
1 Petrus
50%
2 Makkabeeën
50%
2 Petrus
50%
Filippenzen
50%
Galaten
50%
Jozua
50%
Micha
50%
Nehemia
50%
Romeinen
50%
Efeziërs
44%
Ezra
44%
Habakuk
44%
1 Korintiërs
38%
2 Korintiërs
38%
Amos
38%
Hebreeën
38%
Maleachi
38%
Titus
38%
Zacharia
38%
1 Tessalonicenzen
31%
2 Tessalonicenzen
31%
Filémon
31%
Jakobus
31%
Judit
31%
Kolossenzen
31%
Nahum
31%
Obadja
31%
Sefanja
31%
Tobit
31%
1 Timóteus
25%
2 Timóteus
25%
De wijsheid van Salomo
25%
Haggai
25%
Hosea
25%
Joël
25%
Wijsheid van Jezus Sirach
25%
Baruch
19%
Geen overeenkomende quizzen gevonden
Scoreverdeling
Procent van Mensen met Elke Score
Percentiel versus Aantal Correcte Antwoorden
Uw Scoregeschiedenis
U heeft deze quiz nog niet genomen